Другое время - другой журнал; Стандарты и качество; № 2

Λεπτομέρειες βιβλιογραφικής εγγραφής
Parent link:Стандарты и качество: научно-технический журнал/ Российская Федерация, Государственный комитет по стандартизации и метрологии (Госстандарт России).— , 1980-.— 0038-9692
№ 2.— 2002.— С. 46-49
Κύριος συγγραφέας: Матвеева И. Ирина
Γλώσσα:Ρωσικά
Έκδοση: 2002
Σειρά:Стандартизация: практика, методика, теория
Θέματα:
Μορφή: Κεφάλαιο βιβλίου
KOHA link:https://koha.lib.tpu.ru/cgi-bin/koha/opac-detail.pl?biblionumber=459117

MARC

LEADER 00000naa2a2200000 4500
001 459117
005 20231101085125.0
035 |a (RuTPU)RU\TPU\prd\122884 
035 |a RU\TPU\prd\7796 
090 |a 459117 
100 |a 20111019a2002 k y0rusy50 ca 
101 0 |a rus 
102 |a RU 
200 1 |a Другое время - другой журнал  |f И. Матвеева 
225 1 |a Стандартизация: практика, методика, теория 
461 1 |0 (RuTPU)RU\TPU\prd\992  |x 0038-9692  |t Стандарты и качество  |o научно-технический журнал  |f Российская Федерация, Государственный комитет по стандартизации и метрологии (Госстандарт России)  |d 1980- 
463 1 |0 (RuTPU)RU\TPU\prd\122868  |t № 2  |v С. 46-49  |d 2002 
610 1 |a история стандартизации 
610 1 |a журналы 
700 1 |a Матвеева  |b И.  |g Ирина 
801 1 |a RU  |b 63413507  |c 20021028  |g PSBO 
801 2 |a RU  |b 63413507  |c 20111019  |g PSBO 
942 |c BK